| 000 | 00913nam a2200229 a 4500 | ||
|---|---|---|---|
| 001 | 63658 | ||
| 003 | BD-RjUL | ||
| 005 | 20211209081224.0 | ||
| 008 | 170131s1994 bg ||||| |||| 00| 0 ben d | ||
| 020 |
_a9840730452 _c: TK 60.00 |
||
| 035 | _a(BD-RjUL)63787 | ||
| 040 |
_aBD-RjUL _bben _cBD-RjUL |
||
| 041 | _aben | ||
| 082 |
_223 _a892.709 _bSAA 1994 |
||
| 100 |
_aসাত্তার, আবদুস _9189081 |
||
| 245 | 1 | 0 |
_aআধুনিক আরবি কথাসাহিত্যে তিন দ্রষ্টা / _cআবদুস সাত্তার |
| 260 |
_aঢাকা : _bবাংলা একাডেমী, _c১৯৯৪ |
||
| 300 |
_a৯৮ পৃ. ; _c২১ সেমি. |
||
| 650 |
_aআরবি সাহিত্য _xইতিহাস ও সমালোচনা _9189082 |
||
| 650 |
_aArabic Literature _xHistory & Criticism _9189083 |
||
| 942 |
_2ddc _cBK |
||
| 999 |
_c63658 _d63658 |
||